000 00965nam a22003137a 4500
001 000357
003 DO-SdBPM
005 20250801142130.0
007 ta
008 160705b2002 mx |||| 00| 0 spa d
020 _a9681908503
040 _aDO-SdBPM
_bspa
_cBPMSU
_erda
082 4 _a809.31
_bS192d 2002
_222
100 1 _aSamperio, Guillermo
_eautor
245 1 0 _aDespués apareció una nave :
_brecetas para nuevos cuentistas /
_cGuillermo Samperio.
264 _aMéxico :
_bAlfaguara,
_c2002.
300 _a238 páginas :
_bilustraciones ;
_c22 cm.
336 _atexto
_btxt
_2rdacontent
337 _asin mediación
_bn
_2rdamedia
338 _avolumen
_bnc
_2rdacarrier
490 0 _aCircular.
590 _aInventariado, 2025/VM
650 7 _2Técnica en cuentos.
650 7 _2Arte de escribir
650 7 _aCrítica literaria.
650 7 _aCuento
_xHistoria y crítica
910 _aVMateo V. Control de calida. BPMSU
942 _2ddc
_cBK
999 _c10693
_d10693